| 000 | 01962nam0a2200397 i 4500 | ||
|---|---|---|---|
| 001 | RU\NLR\bibl\2065839 | ||
| 005 | 20240921140544.0 | ||
| 010 |
_a9785726407357 _9100 |
||
| 021 |
_aRU _b2013-59349 _94082 |
||
| 035 | _a(nilc)RuMoRGB-006614423 | ||
| 035 | _a(NLR Aleph) 002052337 | ||
| 090 |
_a4647473 _c4647473 |
||
| 100 | _a20130729d2013 k y0rusy50 ca | ||
| 101 | 0 | _arus | |
| 102 | _aRU | ||
| 105 | _aa z ||||| | ||
| 200 | 1 |
_aСтруктура и свойства бетонов с наномодификаторами на основе техногенных отходов _fЮ.М. Баженов, Л.А. Алимов, В.В. Воронин _gМ-во образования и науки Рос. Федерации, ФГБОУ ВПО "Моск. гос. строит. ун-т" |
|
| 210 |
_aМосква _cФГБОУ ВПО "Московский государственный строительный университет" _d2013 |
||
| 215 |
_a200, [3] с. _cил. _d20 |
||
| 225 | 1 | _aБиблиотека научных разработок и проектов НИУ МГСУ | |
| 320 | _aБиблиогр.: с. 201 (18 назв.) | ||
| 606 | 1 |
_aБетон _xЗаполнители из отходов _92147252 _3RU\NLR\auth\661598177 |
|
| 606 | 1 |
_aБетон _xПроизводство из отходов _91165187 _3RU\NLR\auth\66149056 |
|
| 686 | _aН331.653 | ||
| 700 | 1 |
_4070 _7ca _8rus _aБаженов _bЮ. М. _cд-р техн. наук _f1930- _gЮрий Михайлович _9195571 _3RU\NLR\AUTH\770195622 |
|
| 701 | 1 |
_aАлимов _bЛ. А. _gЛев Алексеевич _4070 |
|
| 701 | 1 |
_aВоронин _bВ. В. _gВиктор Валерианович _4070 |
|
| 801 | 0 |
_aRU _bRuMoRKP _c20130729 _gRCR |
|
| 801 | 2 |
_aRU _bРГБ _c20130731 |
|
| 801 | 1 |
_aRU _bRuMoRKP _c20130729 _2rusmarc |
|
| 801 | 2 |
_aRU _bNLR _c20130823 _grcr |
|
| 830 | _aАвт. по кн. | ||
| 942 | _cBOOK | ||
| 980 | _aNBR | ||